Obras dramáticas. tomo 1 /

Guardado en:
Autor Principal: Schiller, Johann Christoph Friedrich Von
Formato: Libro
Publicado: España : Hernando, 1898
Etiquetas: Agregar Etiqueta
Sin Etiquetas, Sea el primero en etiquetar este registro!
LEADER 00417nam a22001455a 4500
001 CEM.cems005887
005 20060214000000.0
008 130507s1898##################000#0#####d
003 CEMS
082 0 4 |a 832.6 
100 1 |a Schiller, Johann Christoph Friedrich Von 
245 1 0 |a Obras dramáticas. tomo 1 / 
260 |a España :  |b Hernando,  |c 1898 
300 |a 468p.1 
859 |a CEMS  |b BIB. CEMS - 11 de abril  |h 832.6  |i Sc33/I  |p 5630.76  |t Ej.1